000
00308nam a2200121Ia 4500
008
241015s9999 xx 000 0 und d
041
_a
eng
082
_a
005.133 MUE
100
_a
Mueller
245
_a
Python For Data Science For Dummies
260
_b
Wiley India
_a
New Delhi
_c
2019
300
_a
467;. P. 23 cm
999
_c
41884
_d
41884